Управление безопасностью вуза в рыночных условиях; Человек, рынок, образование на рубеже XXI века

Dades bibliogràfiques
Parent link:Человек, рынок, образование на рубеже XXI века.— 1999.— С. 12-17
Autor principal: Дульзон А. А. Альфред Андреевич
Idioma:rus
Publicat: 1999
Matèries:
Format: Capítol de llibre
KOHA link:https://koha.lib.tpu.ru/cgi-bin/koha/opac-detail.pl?biblionumber=215932

MARC

LEADER 00000naa2a2200000 4500
001 215932
005 20260513071741.0
035 |a (RuTPU)RU\TPU\book\235893 
035 |a RU\TPU\book\235892 
090 |a 215932 
100 |a 20120518d1999 k y0rusy50 ca 
101 0 |a rus 
102 |a RU 
200 1 |a Управление безопасностью вуза в рыночных условиях  |f А. А. Дульзон 
463 0 |0 (RuTPU)RU\TPU\book\14482  |t Человек, рынок, образование на рубеже XXI века  |o материалы Международной научно-практической конференции, посвященной 100-летию со дня занятий и 95-летию экономического образования в Томском политехническом университете  |f Томский политехнический университет  |v С. 12-17  |d 1999  |p 327 с. 
610 1 |a труды учёных ТПУ 
700 1 |a Дульзон  |b А. А.  |c специалист в области техники высоких напряжений, управления проектами, управления персоналом  |c профессор Томского политехнического университета, доктор технических наук  |f 1937-2019  |g Альфред Андреевич  |x TPU  |y Томск  |7 ca  |8 rus  |3 (RuTPU)RU\TPU\pers\21958  |9 9277 
801 1 |a RU  |b 63413507  |c 20120518 
801 2 |a RU  |b 63413507  |c 20120518  |g RCR 
942 |c BK